000 00642nam a2200181 i 4500
001 102041
003 ES-MaACL
005 20250901204901.0
007 t|
008 051102s1968 sp ||||1| spa d
110 2 0 _aCámara Oficial de Comercio e Industria de la Provincia de Jaén
_92378
245 1 0 _aMemorándum referente al comercio y a los problemas de la integración /
_cCámara Oficial de Comercio de Jaén.
260 _aJaén :
_bCámara Oficial de Comercio e Industria,
_c1968.
300 _a11 f. ;
_c31 cm.
500 _aSerie I.- Comercio.
852 _aES-MaACL
_j2063-F-27
_bR.68854
999 _c102041
_d102041